000
00210 a2200097 4500
020
_a
9789966974733
245
_a
Mukamba na syithio syake
250
_a
Revised
260
_b
Sengani Publishers
_c
2010
942
_c
BK
999
_c
49870
_d
49870